Analýza vplyvov externého prostredia na činnosť podniku bakalárska práca

Saved in:
Bibliographic Details
Main Author: Kučera, Vladimír
Corporate Author: Fakulta podnikového manažmentu EU. Katedra podnikovohospodárska
Other Authors: Rybárová, Daniela, 1967-
Format: Book
Language:Slovak
Published: Bratislava 2014
Tags: Add Tag
No Tags, Be the first to tag this record!

MARC

LEADER 00000nbm a2200000 4500
001 0189608
005 20170201092245.4
041 0 |a slo 
044 |a SK 
245 1 0 |a Analýza vplyvov externého prostredia na činnosť podniku  |b bakalárska práca  |c Vladimír Kučera ; školiteľ: Daniela Rybárová 
264 1 |a Bratislava  |c 2014 
300 |a 44 s. 
100 1 |a Kučera, Vladimír 
700 1 |a Rybárová, Daniela, 1967- 
710 2 |a Fakulta podnikového manažmentu EU. Katedra podnikovohospodárska